<?xml version="1.0" encoding="UTF-8"?>
<record
    xmlns:xsi="http://www.w3.org/2001/XMLSchema-instance"
    xsi:schemaLocation="http://www.loc.gov/MARC21/slim http://www.loc.gov/standards/marcxml/schema/MARC21slim.xsd"
    xmlns="http://www.loc.gov/MARC21/slim">

  <leader>03602cam a2200313   4500500</leader>
  <controlfield tag="005">20260426004815.0</controlfield>
  <datafield tag="041" ind1=" " ind2=" ">
    <subfield code="a">fre</subfield>
  </datafield>
  <datafield tag="042" ind1=" " ind2=" ">
    <subfield code="a">dc</subfield>
  </datafield>
  <datafield tag="100" ind1="1" ind2="0">
    <subfield code="a">Robin, Pierrine</subfield>
    <subfield code="e">author</subfield>
  </datafield>
  <datafield tag="245" ind1="0" ind2="0">
    <subfield code="a">&#xAB;&#xA0;La sant&#xE9;, c'est un peu de la vie&#xA0;&#xBB;&#xA0;: &#xE9;tude sur la sant&#xE9; per&#xE7;ue des enfants confi&#xE9;s en protection de l'enfance</subfield>
  </datafield>
  <datafield tag="260" ind1=" " ind2=" ">
    <subfield code="c">2013.
							</subfield>
  </datafield>
  <datafield tag="500" ind1=" " ind2=" ">
    <subfield code="a">23</subfield>
  </datafield>
  <datafield tag="520" ind1=" " ind2=" ">
    <subfield code="a">R&#xE9;sum&#xE9;Cet article s&#x2019;int&#xE9;resse &#xE0; la sant&#xE9; per&#xE7;ue des enfants confi&#xE9;s &#xE0; l&#x2019;Aide sociale &#xE0; l&#x2019;enfance dans le d&#xE9;partement de Haute-Savoie. &#xC0; partir d&#x2019;une &#xE9;tude qualitative par entretiens semi-directifs aupr&#xE8;s d&#x2019;enfants accueillis &#xE0; l&#x2019;Aide sociale &#xE0; l&#x2019;enfance, associ&#xE9;s &#xE0; la passation d&#x2019;un questionnaire auto-administr&#xE9; sur la qualit&#xE9; de vie, cette recherche vise &#xE0; interroger les enfants confi&#xE9;s sur les repr&#xE9;sentations de leur sant&#xE9;. Elle permet d&#x2019;attirer l&#x2019;attention sur les multiples dimensions de la qualit&#xE9; de vie affect&#xE9;es chez les enfants accueillis, en termes d&#x2019;&#xE9;nergie, de sommeil, de douleurs et de mobilit&#xE9; et de r&#xE9;actions &#xE9;motionnelles. Cette &#xE9;tude t&#xE9;moigne aussi des difficult&#xE9;s per&#xE7;ues des enfants confi&#xE9;s dans leur relation &#xE0; leur famille ainsi que dans leur &#xE9;ducation et leur orientation. L&#x2019;article donne &#xE0; voir un rapport passif &#xE0; la sant&#xE9; chez les enfants confi&#xE9;s avec une tendance &#xE0; taire les difficult&#xE9;s, en lien avec un sentiment d&#x2019;isolement social et un manque de confiance dans les liens sociaux et dans les institutions. Comme pour les autres publics vuln&#xE9;rables, le rapport &#xE0; la sant&#xE9; des enfants confi&#xE9;s convoque des probl&#xE9;matiques plus larges, li&#xE9;es &#xE0; l&#x2019;estime de soi, &#xE0; la projection vers l&#x2019;avenir, et au rapport aux institutions. Cet article attire l&#x2019;attention sur les facteurs sociaux explicatifs des in&#xE9;galit&#xE9;s de sant&#xE9; et confirment l&#x2019;importance des liens sociaux, du sentiment de ma&#xEE;trise de son existence, et de la reconnaissance dans le rapport &#xE0; la sant&#xE9;.</subfield>
  </datafield>
  <datafield tag="520" ind1=" " ind2=" ">
    <subfield code="a">&#x201C;Health is life&#x201D;: Children&#x2019;s perceptions of health careThe purpose of this study was to explore perceptions of health among children in the care of child protective services in Haute-Savoie (France). A qualitative study was conducted to explore children&#x2019;s perceptions of health care. The study involved interviews with children and a quality of life questionnaire. The results show that many aspects of the quality of life of children in care are adversely affected, including energy, sleep, pain, and emotional responses. The children interviewed also identified two main issues in their life: their relationship with their family and their education. The results show that children in care tend to have a passive view of health, which appears to be related to a lack of self-confidence and to a lack of trust in relationships and institutions. The results highlight the impact of social factors on health inequalities and confirm the importance of social relationships, the sense of control over one&#x2019;s life, and the feeling of recognition.</subfield>
  </datafield>
  <datafield tag="690" ind1=" " ind2=" ">
    <subfield code="a">adolescent</subfield>
  </datafield>
  <datafield tag="690" ind1=" " ind2=" ">
    <subfield code="a">analyse qualitative</subfield>
  </datafield>
  <datafield tag="690" ind1=" " ind2=" ">
    <subfield code="a">jeune</subfield>
  </datafield>
  <datafield tag="690" ind1=" " ind2=" ">
    <subfield code="a">protection de l'enfance en danger</subfield>
  </datafield>
  <datafield tag="690" ind1=" " ind2=" ">
    <subfield code="a">repr&#xE9;sentation de la sant&#xE9;</subfield>
  </datafield>
  <datafield tag="690" ind1=" " ind2=" ">
    <subfield code="a">sant&#xE9;</subfield>
  </datafield>
  <datafield tag="690" ind1=" " ind2=" ">
    <subfield code="a">adolescents</subfield>
  </datafield>
  <datafield tag="690" ind1=" " ind2=" ">
    <subfield code="a">child protective services</subfield>
  </datafield>
  <datafield tag="690" ind1=" " ind2=" ">
    <subfield code="a">health</subfield>
  </datafield>
  <datafield tag="690" ind1=" " ind2=" ">
    <subfield code="a">qualitative analysis</subfield>
  </datafield>
  <datafield tag="690" ind1=" " ind2=" ">
    <subfield code="a">representation of health</subfield>
  </datafield>
  <datafield tag="690" ind1=" " ind2=" ">
    <subfield code="a">young people</subfield>
  </datafield>
  <datafield tag="786" ind1="0" ind2=" ">
    <subfield code="n">Sant&#xE9; Publique | 24 | 5 | 2013-01-03 | p. 417-428 | 0995-3914</subfield>
  </datafield>
  <datafield tag="856" ind1="4" ind2="1">
    <subfield code="u">https://stm.cairn.info/revue-sante-publique-2012-5-page-417?lang=fr&amp;redirect-ssocas=7080</subfield>
  </datafield>
  <datafield tag="999" ind1=" " ind2=" ">
    <subfield code="c">2221852</subfield>
    <subfield code="d">2221852</subfield>
  </datafield>
</record>
